000 00730nam a22001937a 4500
999 _c19519
_d19519
003 AR-CdUCM
008 190517b ||||| |||| 00| 0 spa d
040 _aMUNICIPALIDAD PROVINCIAL DEL CUSCO
_cBIBLIOTECA MUNICIPAL DEL CUSCO
082 _a621.3 /
_bW91
100 _aWoolman, Myron
_940898
245 _aCurso programado de electricidad básica /
260 _aMéxico, D.F :
_bCentro Regional de Ayuda Técnica,
_c1975.
300 _a440 paginas ;
_c29 cm
505 _aContenido :Electricidad estática y corriente --Fuerza electromotriz, resistores, conductores y semiconductores /
650 _aIngeniería eléctrica
_923057
650 _aTextos programados.
_936060
942 _2ddc
_cLIBROS
945 _arjall
_d2019-05-17